000 00438nam a2200181Ia 4500
001 31795
003 IN-NITTTR
005 20251114233424.0
008 251113s9999||||xx |||||||||||||| ||eng||
040 _beng
040 _cIN-NITTTR
041 _aeng
082 _a511.35 K823S
100 _aKohavi, Zvi
245 0 _aSwitching and finite automata theory /
_cKohavi, Zvi, Jha, Niraj K
700 _a Jha, Niraj K
942 _2ddc
_cBK
999 _c34425
_d34425